000 00377 a2200169 4500
001 186644
020 _a85-281-0456-7
040 _cMagnum
100 _aGréverand, Gérard
240 1 0 _aDo que é que você gosta?
_lpor
245 1 0 _aDo que é que você gosta?
300 _a46
362 0 _a2000
440 1 _aSalamandra
697 _aLITERATURA INFANTO
942 _cBK
999 _c186644
_d186644